00537nam a22001577a 4500003000400000008004100004020001800045082001700063245008300080260005300163300001400216650003400230650002000264650007400284700002100358OSt260605b |||||||| |||| 00| 0 eng d a9789353874001 a664.07bA39F aFundamentals of Food Quality, Safety & Analysis bby Syed Mazar Ali...[et al.] aDelhi: bSatish Serial Publishing House,c2026. ax, 350 p. aTechnology (Applied sciences) aFood technology aLaboratory analysis, quality control, chemical and biological aspects aAli, Syed Mazar